000 00369nam a2200157Ia 4500
008 210716s2005 xx 000 0 und d
020 _a8183180841
041 _aeng
082 _a658.802 JHAS
100 _aJha, S M.
245 _aSocial marketing.
250 _a1
260 _aNew Delhi
_bHimalaya Publishing House
_c2005
300 _a293
650 _aMarketing
999 _c199764
_d199764